Digits of Golden Ratio - 100 Digits - Statistics

General Stats
  • This quiz has been taken 194 times
  • The average score is 20 of 100
Answer Stats
% Correct
1.
100%
6
87%
1
84%
8
79%
0
74%
3
71%
3
68%
9
66%
8
63%
8
61%
7
53%
4
50%
9
50%
4
47%
4
47%
8
47%
8
47%
9
47%
8
45%
2
42%
0
37%
4
34%
5
32%
6
29%
8
29%
3
26%
4
26%
8
26%
3
24%
5
24%
6
24%
3
21%
6
21%
1
18%
8
18%
0
16%
1
16%
2
16%
3
16%
7
16%
7
16%
0
13%
0
13%
1
13%
5
13%
7
13%
7
13%
8
13%
9
13%
9
13%
6
11%
2
8%
2
8%
6
8%
8
8%
0
5%
0
5%
1
5%
2
5%
2
5%
2
5%
3
5%
4
5%
4
5%
5
5%
5
5%
6
5%
6
5%
7
5%
8
5%
0
3%
0
3%
0
3%
0
3%
1
3%
1
3%
1
3%
1
3%
2
3%
2
3%
2
3%
2
3%
3
3%
3
3%
4
3%
4
3%
4
3%
4
3%
6
3%
7
3%
7
3%
7
3%
8
3%
8
3%
8
3%
9
3%
9
3%
9
3%
9
3%
7
0%
No matching quizzes found
Score Distribution
Percent of People with Each Score
Percentile by Number Answered
Your Score History
You have not taken this quiz